• 首页
  • 本馆介绍
  • 公告通知
  • 最新文献
  • 馆藏检索
  • 电子资源
  • 读者导购
  • 参考咨询
  • 我的图书馆
  • 登录
  • 详细信息显示
  • 放入我的书架
  • 预约/预借图书
  • 作者相关作品
  • 分类相关作品
  • 丛书相关作品
  • 出版社相关作品

书目信息

  • 表格格式
  • 工作单格式
  • 卡片格式
题名:
笑史
    
 
作者: 冯梦龙 编辑 ;卜维义 , 吴涤尘 校点
分册:  
出版信息: 沈阳   春风文艺出版社  1989.3
页数: 536页
开本: 20厘米
丛书名: 明人编刊小说总集
单 册:
中图分类: I276
科图分类: 44.535
主题词: 民间文学--中国
电子资源:
ISBN: 7-5313-0212-8
000 00975nam0 2200337 45
001 0189005259
005 20040413141838.8
010    @a7-5313-0212-8@dCNY7.50
020    @aCN@b89005259
100    @a19901017d1989 m y0chiy0120 ea
101 0  @achi
102    @aCN@b210000
105    @ay z 000ay
106    @ar
200 10 @a笑史@Axiao shi@f(明)冯梦龙编辑@F( ming ) feng meng long bian ji@g卜维义,吴涤尘校点
210    @a沈阳@c春风文艺出版社@d1989.3
215    @a536页@d20厘米
225 2  @a明人编刊小说总集
300    @a本书又名《古今谭概》、《古今笑》
410  0 @120010@a明人编刊小说总集
517 1  @a古今谭概@Agu jin tan gai
517 1  @a古今笑@Agu jin xiao
540 1  @a笑史@Axiao shi
606 0  @a民间文学@x中国
690    @aI276
692    @a44.535@v1974
701  0 @a冯梦龙@Afeng meng long@4编辑
702  0 @a卜维义@Abu wei yi@4校点
702  0 @a吴涤尘@Awu di chen@4校点
801  0 @aCN@bNLC@c19901017
905    @e54@f1@b220190@dI276
    
    笑史/(明)冯梦龙编辑/卜维义,吴涤尘校点.-沈阳:春风文艺出版社,1989.3
    536页;20厘米.-(明人编刊小说总集)
    本书又名《古今谭概》、《古今笑》
    
    ISBN 7-5313-0212-8:CNY7.50
    
●
相关链接 在E读中查询图书 在五车中查询图书 在当当中查询图书 在豆瓣中查询图书


正题名:笑史     索取号:I276/54         预约/预借

序号 登录号 条形码 馆藏地/架位号 状态 备注
1 0220190   000038113   第二借阅区/ [索取号:I276/54] 在馆    
2 0220191   000038104   第一样本阅览室/ [索取号:I276/54] 在馆    
唐山师范学院图书馆 欢迎您!
大连网信软件有限公司© 版权所有